| 000 | 01209nam a2200325 i 4500 | ||
|---|---|---|---|
| 003 | DO-SdBNP | ||
| 005 | 20260701140016.0 | ||
| 007 | ta | ||
| 008 | 260701b1996 dr ac||| |||| 00| 0 spa d | ||
| 040 |
_aDO-SdBNP _bspa _cBNPHU _erda |
||
| 041 | _aspa | ||
| 082 | 4 |
_axxx _bxxx _222 |
|
| 100 |
_aBatlle Pérez, José M., _eautor _4aut. _976545 |
||
| 245 | 1 | 3 |
_aLa portada de la Catedral de Santo Domingo / _cJosé M. Batlle Pérez ; presentación, Eligio Bisonó B. ; prólogo, Eugenio Pérez Montás |
| 264 | 1 |
_aSanto Domingo : _bBanreservas, _c1996. |
|
| 300 |
_a314 páginas : _bilustraciones, retratos ; _c23 cm |
||
| 336 |
_atexto _btxt _2rdacontent |
||
| 337 |
_asin mediación _bn _2rdamedia |
||
| 338 |
_avolumen _bnc _2rdacarrier |
||
| 490 | 1 | _aColección Banreeservas | |
| 490 | 1 |
_aSerie Historia _v2 |
|
| 500 | _aIncluye referencias bibliográficas y notas al pie de las páginas | ||
| 504 | _aBibliografía: página 314 | ||
| 590 | _aInventariado, 2026/BT | ||
| 700 | 1 |
_aBisonó B., Eligio, _epresentación _4pre. _919694 |
|
| 700 | 1 |
_aPérez Montás, Eugenio, _eprologuista _4pr. _913156 |
|
| 830 | 0 |
_aColección Banreservas _pSerie Historia _v2 _990461 |
|
| 910 | _aBtav►0rez | ||
| 942 |
_2ddc _cLBS1 |
||
| 999 |
_c60985 _d60985 |
||